The 7 keys to prosperity and success / (Record no. 60408)

MARC details
000 -LEADER
fixed length control field 03223nam a22004097a 4500
005 - DATE AND TIME OF LATEST TRANSACTION
control field 20120106101330.0
010 ## - LCCN (DPL NO)
LC control number ENG-104615 B-489031-042
020 ## - INTERNATIONAL STANDARD BOOK NUMBER
International Standard Book Number 9789380009353
Terms of availability 199.00
020 ## - INTERNATIONAL STANDARD BOOK NUMBER
International Standard Book Number 9380009356
Terms of availability 199.00
035 ## - SYSTEM CONTROL NUMBER
System control number EN-88148 B-489031-042
037 ## - SOURCE OF ACQUISITION
Source of stock number/acquisition DBAD/PUB
037 ## - SOURCE OF ACQUISITION
Source of stock number/acquisition Star Pub/Ven
082 ## - DEWEY DECIMAL CLASSIFICATION NUMBER
Classification number 158.1
100 ## - MAIN ENTRY--PERSONAL NAME
Personal name Aggarwal, Rajesh
245 ## - TITLE STATEMENT
Title The 7 keys to prosperity and success /
Statement of responsibility, etc by Rajesh Aggarwal ; foreworded by Peter Andrew Sacco
Medium
246 ## - VARYING FORM OF TITLE
Title proper/short title Seven keys to prosperity and success
260 ## - PUBLICATION, DISTRIBUTION, ETC. (IMPRINT)
Place of publication, distribution, etc New Delhi
Name of publisher, distributor, etc Readworthy Publications
Date of publication, distribution, etc 2009
270 ## - ADDRESS
Address 4735/22, Prakash Deep Building. Ground Floor, Ansari Road, Darya Ganj
City New Delhi
Postal code 110002
300 ## - PHYSICAL DESCRIPTION
Extent 150p. :
Dimensions 22cm(pbk)
Other physical details ill.
650 ## - SUBJECT ADDED ENTRY--TOPICAL TERM
Topical term or geographic name as entry element Success
650 ## - SUBJECT ADDED ENTRY--TOPICAL TERM
Topical term or geographic name as entry element Self-culture
942 ## - ADDED ENTRY ELEMENTS (KOHA)
Source of classification or shelving scheme Dewey Decimal Classification
Item type English Books
Classification part 158.1
Call number suffix AGG
Holdings
Withdrawn status Lost status Not for loan Collection code Home library Current library Date acquired Source of acquisition Cost, normal purchase price Full call number Barcode Copy number Cost, replacement price Koha item type Public note
      Non-fiction Andrews Gunj Andrews Gunj 11/03/2013 Star Pub/2349/27.12.12/128/7.1.2013/8.1.2013 199.00 158.1 AGG B-489036 1 199.00 English Books  
      Non-fiction Bawana Bawana 11/03/2013 Star Pub/2349/27.12.12/128/7.1.2013/8.1.2013 199.00 158.1 AGG B-489040 1 199.00 English Books  
      Non-fiction Central Library Central Library 11/03/2013 Star Pub/2349/27.12.12/128/7.1.2013/8.1.2013 199.00 158.1 AGG B-489031 1 199.00 English Books Legal Case (Register 2018)
    Not For Loan Non-fiction D.B.Act.Division D.B.Act.Division 06/01/2012 DBAD/PUB 199.00 158.1 AGG EN-88148 1 199.00 English Books  
      Non-fiction Mobile Library Mobile Library 11/03/2013 Star Pub/2349/27.12.12/128/7.1.2013/8.1.2013 199.00 158.1 AGG B-489032 2 199.00 English Books  
      Non-fiction Mobile Library Mobile Library 11/03/2013 Star Pub/2349/27.12.12/128/7.1.2013/8.1.2013 199.00 158.1 AGG B-489033 2 199.00 English Books  
  Written-off vide DLB M. No. 383 dt 16.05.19   Non-fiction New Rohtak Road New Rohtak Road 11/03/2013 Star Pub/2349/27.12.12/128/7.1.2013/8.1.2013 199.00 158.1 AGG B-489041 1 199.00 English Books  
      Non-fiction R.K.Puram-8 R.K.Puram-8 11/03/2013 Star Pub/2349/27.12.12/128/7.1.2013/8.1.2013 199.00 158.1 AGG B-489035 1 199.00 English Books  
      Non-fiction Sarojini Nagar Sarojini Nagar 11/03/2013 Star Pub/2349/27.12.12/128/7.1.2013/8.1.2013 199.00 158.1 AGG B-489034 1 199.00 English Books  
      Non-fiction Sarojini Nagar Sarojini Nagar 11/03/2013 Star Pub/2349/27.12.12/128/7.1.2013/8.1.2013 199.00 158.1 AGG B-489038 1 199.00 English Books  
      Non-fiction Shahdara Branch Shahdara Branch 11/03/2013 Star Pub/2349/27.12.12/128/7.1.2013/8.1.2013 199.00 158.1 AGG B-489042 1 199.00 English Books  
      Non-fiction Sriniwas Puri Sriniwas Puri 11/03/2013 Star Pub/2349/27.12.12/128/7.1.2013/8.1.2013 199.00 158.1 AGG B-489037 1 199.00 English Books  
      Non-fiction Vinoba Puri Vinoba Puri 11/03/2013 Star Pub/2349/27.12.12/128/7.1.2013/8.1.2013 199.00 158.1 AGG B-489039 1 199.00 English Books  

© Delhi Public Library
Hit Counter
free hit counter